Edificacion : novela de la Rusia sovietica / (Record no. 128614)

MARC details
000 -LEADER
fixed length control field 00623cam a2200193 4500
008 - FIXED-LENGTH DATA ELEMENTS--GENERAL INFORMATION
fixed length control field 1931 spa
050 #4 - LIBRARY OF CONGRESS CALL NUMBER
Classification number PG3476
Item number .L46 E35 1931
100 1# - MAIN ENTRY--PERSONAL NAME
Personal name Leonov, Leonides
245 #0 - TITLE STATEMENT
Title Edificacion : novela de la Rusia sovietica /
Statement of responsibility, etc Leonidas Leonov ; version española de Guillermo Neumann y felipe Ximenez de Sandoval.
260 ## - PUBLICATION, DISTRIBUTION, ETC. (IMPRINT)
Place of publication, distribution, etc Madrid :
Name of publisher, distributor, etc Cenit,
Date of publication, distribution, etc 1931
300 ## - PHYSICAL DESCRIPTION
Extent 345 p. ;
Dimensions 19 cm.
500 ## - GENERAL NOTE
General note 1 ejemplar
650 #4 - SUBJECT ADDED ENTRY--TOPICAL TERM
Topical term or geographic name as entry element Novela Rusa
700 1# - ADDED ENTRY--PERSONAL NAME
Personal name Neimann, Guillermo,
Relator term tr.
700 1# - ADDED ENTRY--PERSONAL NAME
Personal name Ximenez de Sandoval, Felipe,
Relator term tr.
942 ## - ADDED ENTRY ELEMENTS (KOHA)
Source of classification or shelving scheme Biblioteca del Cogreso de los Estados Unidos
Koha item type
Holdings
Estado de pérdida Fuente de clasificación Estado del daño No para préstamo Ubicación permanente Ubicación actual Apartado o colección Fecha de adquisición Edición Área del conocimiento Clasificación Código de Barras Date last seen Número de copia Tipo de recurso
  Biblioteca del Cogreso de los Estados Unidos     Biblioteca de la Facultad de Filosofía Biblioteca de la Facultad de Filosofía General 28/02/2017 1a. ed. Educación y Humanidades PG3476.L46 E35 1931 BFF000024143 28/02/2017 C:1 Libro